000 00722naa a2200229 i 4500
001 34670
003 ES-MaBCM
005 20241016103743.0
008 950522s1994 ita 000 0 ita d
021 _axx
035 _a(OCoLC)1365190462
040 _cES-MaBCM
041 0 _aita
043 _aita
100 1 _aClaudione, Rosaria
_910014
245 1 3 _aLe nuove regole in tema di elezioni amministrative
_cRosaria Claudione
650 2 7 _aElecciones locales
_958502
651 2 4 _aItalia
_9115380
655 4 _aLegislación comentada
_9115338
773 0 _aEn:
_tNuova rassegna di legislazione, dottrina e giurisprudenza
_dFirenze : 1994
_w104476
_ganno LXVIII, n. 17, sett., p. 2014-2019. - Loc. S.39
942 _cAREV
999 _c34670
_d34670